[Event "DVM U16 2018"]
[Site "Aurich GER"]
[Date "2018.12.28"]
[Round "3"]
[White "Köllner, Ruben Gideon"]
[Black "Engel, Luis"]
[Result "1/2-1/2"]
[Termination "normal"]
[Board "1.1"]
[BlackTitle "IM"]
[WhiteElo "2242"]
[BlackElo "2466"]
[WhiteClock "00:12:51"]
[BlackClock "00:17:54"]
[WhiteTeam "SG Bochum"]
[BlackTeam "Hamburger SK"]
[PlyCount "116"]
[WhiteFideId "12993093"]
[BlackFideId "12961523"]
[EventCountry "GER"]
[EventRounds "7"]
[EventType "team-swiss"]
[EventDate "2018.12.26"]

1. d4 {[%clk 01:30:57]} {[%emt 00:00:02]} Nf6 {[%clk 01:30:55]} {[%emt
00:00:05]} 2. Nf3 {[%clk 01:31:21]} {[%emt 00:00:07]} d5 {[%clk 01:31:20]}
{[%emt 00:00:05]} 3. e3 {[%clk 01:31:47]} {[%emt 00:00:04]} c5 {[%clk
01:31:44]} {[%emt 00:00:05]} 4. c3 {[%clk 01:32:06]} {[%emt 00:00:11]} Nc6
{[%clk 01:30:43]} {[%emt 00:01:31]} 5. Bd3 {[%clk 01:32:17]} {[%emt 00:00:19]}
e6 {[%clk 01:27:50]} {[%emt 00:03:24]} 6. Nbd2 {[%clk 01:32:41]} {[%emt
00:00:06]} Bd6 {[%clk 01:25:39]} {[%emt 00:02:41]} 7. O-O {[%clk 01:33:03]}
{[%emt 00:00:08]} O-O {[%clk 01:25:36]} {[%emt 00:00:33]} 8. dxc5 {[%clk
01:33:27]} {[%emt 00:00:05]} Bxc5 {[%clk 01:26:00]} {[%emt 00:00:06]} 9. b4
{[%clk 01:33:50]} {[%emt 00:00:07]} Be7 {[%clk 01:24:16]} {[%emt 00:02:14]} 10.
b5 {[%clk 01:29:27]} {[%emt 00:04:54]} Na5 {[%clk 01:23:31]} {[%emt 00:01:14]}
11. c4 {[%clk 01:25:50]} {[%emt 00:04:07]} b6 {[%clk 01:21:53]} {[%emt
00:02:08]} 12. Bb2 {[%clk 01:23:38]} {[%emt 00:02:41]} Bb7 {[%clk 01:21:42]}
{[%emt 00:00:42]} 13. Rc1 {[%clk 01:21:33]} {[%emt 00:02:35]} Rc8 {[%clk
01:21:13]} {[%emt 00:00:59]} 14. Qe2 {[%clk 01:18:13]} {[%emt 00:03:50]} dxc4
{[%clk 01:16:38]} {[%emt 00:05:05]} 15. Nxc4 {[%clk 01:18:15]} {[%emt
00:00:29]} Nxc4 {[%clk 01:16:47]} {[%emt 00:00:21]} 16. Bxc4 {[%clk 01:18:12]}
{[%emt 00:00:32]} Bd6 {[%clk 01:12:22]} {[%emt 00:04:55]} 17. Rfd1 {[%clk
01:16:38]} {[%emt 00:02:04]} Qe7 {[%clk 01:10:25]} {[%emt 00:02:27]} 18. Bxf6
{[%clk 01:03:51]} {[%emt 00:13:17]} gxf6 {[%clk 01:10:46]} {[%emt 00:00:09]}
19. Bd3 {[%clk 01:03:05]} {[%emt 00:01:15]} Ba3 {[%clk 01:06:18]} {[%emt
00:04:59]} 20. Rxc8 {[%clk 00:48:01]} {[%emt 00:15:34]} Rxc8 {[%clk 01:06:34]}
{[%emt 00:00:14]} 21. Nd4 {[%clk 00:48:15]} {[%emt 00:00:16]} Qc5 {[%clk
00:48:47]} {[%emt 00:18:18]} 22. Nc6 {[%clk 00:34:24]} {[%emt 00:14:20]} a6
{[%clk 00:33:14]} {[%emt 00:16:03]} 23. Na7 {[%clk 00:30:37]} {[%emt 00:04:16]}
Ra8 {[%clk 00:29:46]} {[%emt 00:03:59]} 24. bxa6 Bxa6 {[%clk 00:28:41]} 25.
Qg4+ {[%clk 00:28:20]} {[%emt 00:03:02]} Qg5 {[%clk 00:25:38]} {[%emt
00:03:33]} 26. Qe4 {[%clk 00:28:38]} {[%emt 00:00:12]} Rxa7 {[%clk 00:19:53]}
{[%emt 00:06:14]} 27. Qxh7+ {[%clk 00:28:56]} {[%emt 00:00:13]} Kf8 {[%clk
00:20:18]} {[%emt 00:00:05]} 28. Bxa6 {[%clk 00:29:21]} {[%emt 00:00:05]} Be7
{[%clk 00:19:36]} {[%emt 00:01:12]} 29. Qh8+ {[%clk 00:26:46]} {[%emt
00:03:05]} Qg8 {[%clk 00:20:00]} {[%emt 00:00:07]} 30. Qh6+ {[%clk 00:27:08]}
{[%emt 00:00:07]} Qg7 {[%clk 00:20:20]} {[%emt 00:00:10]} 31. Qf4 {[%clk
00:27:14]} {[%emt 00:00:23]} e5 {[%clk 00:19:09]} {[%emt 00:01:42]} 32. Qc4
{[%clk 00:21:55]} {[%emt 00:05:48]} Qg6 {[%clk 00:18:13]} {[%emt 00:01:27]} 33.
Bc8 {[%clk 00:14:37]} {[%emt 00:07:48]} f5 {[%clk 00:16:18]} {[%emt 00:02:25]}
34. Qc2 {[%clk 00:07:50]} {[%emt 00:07:17]} f4 {[%clk 00:13:34]} {[%emt
00:03:15]} 35. Bf5 {[%clk 00:08:01]} {[%emt 00:00:18]} Qh5 {[%clk 00:13:26]}
{[%emt 00:00:38]} 36. exf4 {[%clk 00:06:06]} {[%emt 00:02:25]} Rxa2 {[%clk
00:09:04]} {[%emt 00:04:52]} 37. g4 {[%clk 00:02:52]} {[%emt 00:03:44]} Rxc2
{[%clk 00:09:27]} {[%emt 00:00:08]} 38. gxh5 {[%clk 00:03:17]} {[%emt
00:00:04]} Rc5 {[%clk 00:08:19]} {[%emt 00:01:38]} 39. fxe5 {[%clk 00:02:04]}
{[%emt 00:01:44]} Rxe5 {[%clk 00:08:43]} {[%emt 00:00:05]} 40. Bd3 {[%clk
00:01:31]} {[%emt 00:01:03]} Rxh5 {[%clk 00:09:07]} {[%emt 00:00:06]} 41. Rb1
{[%clk 00:01:42]} {[%emt 00:00:18]} Bc5 {[%clk 00:09:27]} {[%emt 00:00:10]} 42.
Kg2 {[%clk 00:01:46]} {[%emt 00:00:24]} Ke7 {[%clk 00:08:11]} {[%emt 00:01:49]}
43. h3 {[%clk 00:30:26]} {[%emt 00:02:19]} Kf6 {[%clk 00:35:24]} {[%emt
00:03:48]} 44. f4 {[%clk 00:28:37]} {[%emt 00:02:19]} Rd5 {[%clk 00:34:47]}
{[%emt 00:01:07]} 45. Rb3 {[%clk 00:28:34]} {[%emt 00:00:32]} Rd4 {[%clk
00:34:55]} {[%emt 00:00:23]} 46. Kf3 {[%clk 00:28:43]} {[%emt 00:00:21]} Ra4
{[%clk 00:33:45]} {[%emt 00:01:40]} 47. h4 {[%clk 00:24:46]} {[%emt 00:04:28]}
Ra2 {[%clk 00:33:07]} {[%emt 00:01:07]} 48. Be4 {[%clk 00:21:40]} {[%emt
00:03:36]} Kg7 {[%clk 00:29:42]} {[%emt 00:03:55]} 49. Kg4 {[%clk 00:20:11]}
{[%emt 00:01:59]} Ra4 {[%clk 00:28:14]} {[%emt 00:01:57]} 50. Kf5 {[%clk
00:17:17]} {[%emt 00:03:24]} Bf2 {[%clk 00:26:29]} {[%emt 00:02:16]} 51. h5
{[%clk 00:16:09]} {[%emt 00:01:38]} Ra5+ {[%clk 00:23:51]} {[%emt 00:03:08]}
52. Kg4 {[%clk 00:16:33]} {[%emt 00:00:06]} Bc5 {[%clk 00:20:48]} {[%emt
00:03:34]} 53. Rh3 {[%clk 00:14:30]} {[%emt 00:02:33]} Kh6 {[%clk 00:21:12]}
{[%emt 00:00:06]} 54. Bd5 {[%clk 00:14:27]} {[%emt 00:00:32]} Ra7 {[%clk
00:20:33]} {[%emt 00:01:09]} 55. Kf5 {[%clk 00:14:12]} {[%emt 00:00:45]} Rd7
{[%clk 00:20:20]} {[%emt 00:00:43]} 56. Rd3 {[%clk 00:13:45]} {[%emt 00:00:56]}
b5 {[%clk 00:18:07]} {[%emt 00:02:43]} 57. Be4 {[%clk 00:12:27]} {[%emt
00:01:47]} Rxd3 {[%clk 00:17:36]} {[%emt 00:01:03]} 58. Bxd3 {[%clk 00:12:51]}
{[%emt 00:00:06]} b4 {[%clk 00:17:54]} {[%emt 00:00:12]} 1/2-1/2

[Event "DVM U16 2018"]
[Site "Aurich GER"]
[Date "2018.12.28"]
[Round "3"]
[White "Holinka, Henning"]
[Black "Biermann, Lenhard"]
[Result "0-1"]
[Termination "normal"]
[Board "1.2"]
[WhiteElo "2108"]
[BlackElo "2108"]
[WhiteClock "00:27:21"]
[BlackClock "00:22:08"]
[WhiteTeam "Hamburger SK"]
[BlackTeam "SG Bochum"]
[PlyCount "82"]
[WhiteFideId "12967084"]
[BlackFideId "12970077"]
[EventCountry "GER"]
[EventRounds "7"]
[EventType "team-swiss"]
[EventDate "2018.12.26"]

1. e4 {[%clk 01:30:56]} {[%emt 00:00:04]} e6 {[%clk 01:30:57]} {[%emt
00:00:04]} 2. d4 {[%clk 01:31:11]} {[%emt 00:00:14]} d5 {[%clk 01:31:23]}
{[%emt 00:00:04]} 3. Nd2 {[%clk 01:31:20]} {[%emt 00:00:21]} Be7 {[%clk
01:31:48]} {[%emt 00:00:04]} 4. Ngf3 {[%clk 01:25:41]} {[%emt 00:06:10]} c5
{[%clk 01:29:14]} {[%emt 00:03:05]} 5. exd5 {[%clk 01:20:15]} {[%emt 00:05:55]}
exd5 {[%clk 01:29:32]} {[%emt 00:00:12]} 6. dxc5 {[%clk 01:14:35]} {[%emt
00:06:10]} Nf6 {[%clk 01:29:06]} {[%emt 00:00:57]} 7. Be2 {[%clk 01:13:12]}
{[%emt 00:01:52]} O-O {[%clk 01:29:16]} {[%emt 00:00:20]} 8. O-O {[%clk
01:13:18]} {[%emt 00:00:24]} Bxc5 {[%clk 01:10:27]} {[%emt 00:19:19]} 9. Nb3
{[%clk 01:11:24]} {[%emt 00:02:24]} Bb6 {[%clk 01:09:05]} {[%emt 00:01:53]} 10.
Nfd4 {[%clk 01:04:10]} {[%emt 00:07:43]} Nc6 {[%clk 01:04:25]} {[%emt
00:05:10]} 11. Bf3 {[%clk 00:54:39]} {[%emt 00:10:01]} Nxd4 {[%clk 00:48:52]}
{[%emt 00:16:03]} 12. Nxd4 {[%clk 00:54:58]} {[%emt 00:00:11]} Ne4 {[%clk
00:49:05]} {[%emt 00:00:17]} 13. Be3 {[%clk 00:52:25]} {[%emt 00:03:03]} Qf6
{[%clk 00:44:49]} {[%emt 00:04:46]} 14. c3 {[%clk 00:44:17]} {[%emt 00:08:37]}
Re8 {[%clk 00:36:44]} {[%emt 00:08:35]} 15. Nc2 {[%clk 00:40:27]} {[%emt
00:04:20]} Be6 {[%clk 00:35:00]} {[%emt 00:02:15]} 16. Bxb6 {[%clk 00:38:40]}
{[%emt 00:02:18]} axb6 {[%clk 00:35:27]} {[%emt 00:00:03]} 17. Qd4 {[%clk
00:37:58]} {[%emt 00:01:12]} Qg6 {[%clk 00:28:23]} {[%emt 00:07:33]} 18. Bxe4
{[%clk 00:20:24]} {[%emt 00:18:05]} dxe4 {[%clk 00:28:22]} {[%emt 00:00:31]}
19. Qxb6 {[%clk 00:20:43]} {[%emt 00:00:11]} f5 {[%clk 00:19:16]} {[%emt
00:09:36]} 20. a4 {[%clk 00:18:09]} {[%emt 00:03:03]} f4 {[%clk 00:18:43]}
{[%emt 00:01:03]} 21. Kh1 {[%clk 00:17:50]} {[%emt 00:00:49]} Ra6 {[%clk
00:10:50]} {[%emt 00:08:24]} 22. Qxb7 {[%clk 00:17:28]} {[%emt 00:00:51]} Bc4
{[%clk 00:10:28]} {[%emt 00:00:51]} 23. Rfc1 {[%clk 00:14:33]} {[%emt
00:03:25]} Rf6 {[%clk 00:02:17]} {[%emt 00:08:41]} 24. Qc7 {[%clk 00:12:36]}
{[%emt 00:02:28]} Bd3 {[%clk 00:01:20]} {[%emt 00:01:27]} 25. Nb4 {[%clk
00:09:42]} {[%emt 00:03:24]} Kh8 {[%clk 00:00:58]} {[%emt 00:00:52]} 26. Nd5
{[%clk 00:02:41]} {[%emt 00:07:31]} Rf7 {[%clk 00:01:12]} {[%emt 00:00:16]} 27.
Qc5 {[%clk 00:02:40]} {[%emt 00:00:31]} Rf5 {[%clk 00:01:16]} {[%emt 00:00:25]}
28. Qd4 {[%clk 00:02:32]} {[%emt 00:00:39]} Qh5 {[%clk 00:00:58]} {[%emt
00:00:47]} 29. Re1 {[%clk 00:00:50]} {[%emt 00:02:13]} Rxd5 {[%clk 00:01:07]}
{[%emt 00:00:21]} 30. Qb6 {[%clk 00:00:40]} {[%emt 00:00:41]} Qe5 {[%clk
00:00:59]} {[%emt 00:00:37]} 31. a5 {[%clk 00:00:42]} {[%emt 00:00:28]} Rd6
{[%clk 00:00:48]} {[%emt 00:00:41]} 32. Qc7 {[%clk 00:00:46]} {[%emt 00:00:26]}
Rh6 {[%clk 00:00:39]} {[%emt 00:00:39]} 33. Qd7 {[%clk 00:00:43]} {[%emt
00:00:33]} f3 {[%clk 00:00:47]} {[%emt 00:00:23]} 34. g3 {[%clk 00:01:09]}
{[%emt 00:00:04]} Rhe6 {[%clk 00:00:39]} {[%emt 00:00:37]} 35. h3 {[%clk
00:00:37]} {[%emt 00:01:01]} Qh5 {[%clk 00:00:52]} {[%emt 00:00:18]} 36. Kh2
{[%clk 00:00:48]} {[%emt 00:00:19]} Qc5 {[%clk 00:01:09]} {[%emt 00:00:12]} 37.
Re3 {[%clk 00:01:00]} {[%emt 00:00:19]} R6e7 {[%clk 00:01:17]} {[%emt
00:00:22]} 38. Qa4 {[%clk 00:00:49]} {[%emt 00:00:41]} Ra8 {[%clk 00:00:58]}
{[%emt 00:00:48]} 39. Ra2 {[%clk 00:00:39]} {[%emt 00:00:41]} h6 {[%clk
00:00:39]} {[%emt 00:00:49]} 40. Qd1 {[%clk 00:00:33]} {[%emt 00:00:37]} Rc7
{[%clk 00:00:35]} {[%emt 00:00:33]} 41. Qa1 {[%clk 00:27:21]} {[%emt 00:04:12]}
Qxe3 {[%clk 00:22:08]} {[%emt 00:09:27]} 0-1

[Event "DVM U16 2018"]
[Site "Aurich GER"]
[Date "2018.12.28"]
[Round "3"]
[White "Biermann, Florian"]
[Black "Engel, Robert"]
[Result "1/2-1/2"]
[Termination "normal"]
[Board "1.3"]
[WhiteElo "2054"]
[BlackElo "2071"]
[WhiteClock "00:05:02"]
[BlackClock "00:04:25"]
[WhiteTeam "SG Bochum"]
[BlackTeam "Hamburger SK"]
[PlyCount "137"]
[WhiteFideId "12970069"]
[BlackFideId "12974684"]
[EventCountry "GER"]
[EventRounds "7"]
[EventType "team-swiss"]
[EventDate "2018.12.26"]

1. c4 {[%clk 01:30:59]} {[%emt 00:00:01]} e5 {[%clk 01:30:53]} {[%emt
00:00:06]} 2. g3 {[%clk 01:31:24]} {[%emt 00:00:05]} Nf6 {[%clk 01:31:18]}
{[%emt 00:00:05]} 3. Bg2 {[%clk 01:31:50]} {[%emt 00:00:05]} c6 {[%clk
01:31:41]} {[%emt 00:00:07]} 4. d4 {[%clk 01:32:13]} {[%emt 00:00:07]} exd4
{[%clk 01:32:07]} {[%emt 00:00:04]} 5. Qxd4 {[%clk 01:32:21]} {[%emt 00:00:22]}
d5 {[%clk 01:32:32]} {[%emt 00:00:05]} 6. cxd5 {[%clk 01:32:22]} {[%emt
00:00:29]} cxd5 {[%clk 01:32:26]} {[%emt 00:00:36]} 7. Nf3 {[%clk 01:32:19]}
{[%emt 00:00:33]} Nc6 {[%clk 01:32:21]} {[%emt 00:00:35]} 8. Qa4 {[%clk
01:32:31]} {[%emt 00:00:18]} Bc5 {[%clk 01:30:12]} {[%emt 00:02:39]} 9. O-O
{[%clk 01:31:08]} {[%emt 00:01:53]} O-O {[%clk 01:30:33]} {[%emt 00:00:09]} 10.
Nc3 {[%clk 01:16:37]} {[%emt 00:15:00]} h6 {[%clk 01:17:01]} {[%emt 00:14:03]}
11. Bf4 {[%clk 01:11:46]} {[%emt 00:05:20]} Be6 {[%clk 01:04:04]} {[%emt
00:13:27]} 12. Rad1 {[%clk 01:07:18]} {[%emt 00:04:59]} Qb6 {[%clk 01:01:55]}
{[%emt 00:02:37]} 13. Qc2 {[%clk 00:55:37]} {[%emt 00:12:11]} Qa6 {[%clk
00:54:40]} {[%emt 00:07:46]} 14. a3 {[%clk 00:48:08]} {[%emt 00:07:59]} Rac8
{[%clk 00:54:12]} {[%emt 00:00:58]} 15. Ne5 {[%clk 00:41:45]} {[%emt 00:06:54]}
Rfd8 {[%clk 00:37:00]} {[%emt 00:17:41]} 16. Nxc6 {[%clk 00:32:12]} {[%emt
00:10:03]} bxc6 {[%clk 00:33:28]} {[%emt 00:04:02]} 17. Be5 {[%clk 00:29:59]}
{[%emt 00:02:43]} Be7 {[%clk 00:30:01]} {[%emt 00:03:56]} 18. e4 {[%clk
00:27:29]} {[%emt 00:03:01]} Qc4 {[%clk 00:24:29]} {[%emt 00:06:02]} 19. Rd4
{[%clk 00:26:42]} {[%emt 00:01:17]} Qc5 {[%clk 00:22:01]} {[%emt 00:02:58]} 20.
b4 {[%clk 00:26:14]} {[%emt 00:00:58]} Qb6 {[%clk 00:22:01]} {[%emt 00:00:30]}
21. exd5 {[%clk 00:25:00]} {[%emt 00:01:44]} cxd5 {[%clk 00:21:08]} {[%emt
00:01:24]} 22. Qd2 {[%clk 00:24:14]} {[%emt 00:01:16]} Nd7 {[%clk 00:18:44]}
{[%emt 00:02:54]} 23. Bf4 {[%clk 00:23:40]} {[%emt 00:01:04]} Bf6 {[%clk
00:18:38]} {[%emt 00:00:35]} 24. Rd3 {[%clk 00:22:13]} {[%emt 00:01:57]} d4
{[%clk 00:13:47]} {[%emt 00:05:21]} 25. Ne4 {[%clk 00:20:38]} {[%emt 00:02:05]}
Bc4 {[%clk 00:14:14]} {[%emt 00:00:03]} 26. Nd6 {[%clk 00:19:56]} {[%emt
00:01:12]} Bxd3 {[%clk 00:14:43]} {[%emt 00:00:02]} 27. Nxc8 {[%clk 00:20:11]}
{[%emt 00:00:14]} Rxc8 {[%clk 00:14:24]} {[%emt 00:00:50]} 28. Qxd3 {[%clk
00:20:36]} {[%emt 00:00:04]} Rc3 {[%clk 00:13:49]} {[%emt 00:01:05]} 29. Qf5
{[%clk 00:20:16]} {[%emt 00:00:50]} Qe6 {[%clk 00:13:37]} {[%emt 00:00:42]} 30.
Bh3 {[%clk 00:20:32]} {[%emt 00:00:15]} Qxf5 {[%clk 00:13:39]} {[%emt
00:00:28]} 31. Bxf5 {[%clk 00:20:56]} {[%emt 00:00:05]} Nb6 {[%clk 00:12:52]}
{[%emt 00:01:17]} 32. a4 {[%clk 00:19:59]} {[%emt 00:01:27]} g5 {[%clk
00:09:30]} {[%emt 00:03:52]} 33. Bd6 {[%clk 00:19:37]} {[%emt 00:00:53]} Nc4
{[%clk 00:07:13]} {[%emt 00:02:46]} 34. Bc5 {[%clk 00:19:55]} {[%emt 00:00:13]}
d3 {[%clk 00:06:12]} {[%emt 00:01:31]} 35. Re1 {[%clk 00:19:39]} {[%emt
00:00:46]} Ne5 {[%clk 00:05:18]} {[%emt 00:01:23]} 36. Rd1 {[%clk 00:19:15]}
{[%emt 00:00:54]} d2 {[%clk 00:05:08]} {[%emt 00:00:40]} 37. Be3 {[%clk
00:19:05]} {[%emt 00:00:40]} Rc1 {[%clk 00:04:58]} {[%emt 00:00:40]} 38. Rxc1
{[%clk 00:19:00]} {[%emt 00:00:36]} dxc1=Q+ {[%emt 00:00:03]} 39. Bxc1 {[%clk
00:19:26]} {[%emt 00:00:02]} Nc6 {[%clk 00:05:18]} {[%emt 00:00:39]} 40. Be3
{[%clk 00:18:15]} {[%emt 00:01:40]} Bd4 {[%clk 00:03:44]} {[%emt 00:02:05]} 41.
Bxd4 {[%clk 00:15:30]} {[%emt 00:03:15]} Nxd4 {[%clk 00:04:13]} {[%emt
00:00:01]} 42. Be4 {[%clk 00:15:45]} {[%emt 00:00:15]} Kg7 {[%clk 00:03:15]}
{[%emt 00:01:27]} 43. g4 {[%clk 00:04:42]} {[%emt 00:11:33]} Kf6 {[%clk
00:02:48]} {[%emt 00:00:57]} 44. f3 {[%clk 00:04:32]} {[%emt 00:00:41]} Ke5
{[%clk 00:00:47]} {[%emt 00:02:30]} 45. Kf2 {[%clk 00:04:29]} {[%emt 00:00:34]}
Kf4 {[%clk 00:27:36]} {[%emt 00:04:11]} 46. b5 {[%clk 00:33:19]} {[%emt
00:02:40]} Nb3 {[%clk 00:26:02]} {[%emt 00:02:03]} 47. Bd5 {[%clk 00:32:51]}
{[%emt 00:01:00]} Nc5 {[%clk 00:25:46]} {[%emt 00:00:45]} 48. a5 {[%clk
00:32:50]} {[%emt 00:00:31]} f5 {[%clk 00:24:21]} {[%emt 00:01:54]} 49. h3
{[%clk 00:29:08]} {[%emt 00:04:13]} fxg4 {[%clk 00:24:20]} {[%emt 00:00:31]}
50. hxg4 {[%clk 00:29:31]} {[%emt 00:00:06]} Ke5 {[%clk 00:23:33]} {[%emt
00:01:17]} 51. Be4 {[%clk 00:29:35]} {[%emt 00:00:27]} Kd4 {[%clk 00:20:55]}
{[%emt 00:03:08]} 52. Bc6 {[%clk 00:22:38]} {[%emt 00:07:26]} Nd3+ {[%clk
00:16:24]} {[%emt 00:05:02]} 53. Kg3 {[%clk 00:21:31]} {[%emt 00:01:37]} Kc5
{[%clk 00:16:37]} {[%emt 00:00:17]} 54. Be8 {[%clk 00:15:52]} {[%emt 00:06:09]}
Kd6 {[%clk 00:16:59]} {[%emt 00:00:08]} 55. Bg6 {[%clk 00:11:29]} {[%emt
00:04:53]} Ne5 {[%clk 00:17:28]} 56. Be4 {[%clk 00:11:20]} {[%emt 00:00:39]}
Kc5 {[%clk 00:08:56]} {[%emt 00:09:04]} 57. f4 {[%clk 00:10:18]} {[%emt
00:01:31]} Nd7 {[%clk 00:07:11]} {[%emt 00:02:15]} 58. Bc6 {[%clk 00:07:40]}
{[%emt 00:03:08]} Nf6 {[%clk 00:07:30]} {[%emt 00:00:11]} 59. f5 {[%clk
00:07:26]} {[%emt 00:00:43]} a6 {[%clk 00:07:52]} {[%emt 00:00:08]} 60. Bf3
{[%clk 00:04:09]} {[%emt 00:03:48]} axb5 {[%clk 00:05:06]} {[%emt 00:03:16]}
61. Kf2 {[%clk 00:03:23]} {[%emt 00:01:16]} b4 {[%clk 00:05:32]} {[%emt
00:00:03]} 62. Ke3 {[%clk 00:03:28]} {[%emt 00:00:26]} Kb5 {[%clk 00:04:02]}
{[%emt 00:02:00]} 63. Kd4 {[%clk 00:03:30]} {[%emt 00:00:28]} b3 {[%clk
00:04:21]} {[%emt 00:00:11]} 64. Kc3 {[%clk 00:03:34]} {[%emt 00:00:27]} Kxa5
{[%clk 00:04:37]} {[%emt 00:00:13]} 65. Kxb3 {[%clk 00:03:56]} {[%emt
00:00:08]} Kb5 {[%clk 00:04:56]} {[%emt 00:00:11]} 66. Kc3 {[%clk 00:04:22]}
{[%emt 00:00:04]} Kc5 {[%clk 00:05:21]} {[%emt 00:00:05]} 67. Kd3 {[%clk
00:04:40]} {[%emt 00:00:11]} Kd6 {[%clk 00:04:28]} {[%emt 00:01:23]} 68. Kd4
{[%clk 00:05:05]} {[%emt 00:00:06]} Nd7 {[%clk 00:04:25]} {[%emt 00:00:32]} 69.
Bd1 {[%clk 00:05:02]} {[%emt 00:00:34]} 1/2-1/2

[Event "DVM U16 2018"]
[Site "Aurich GER"]
[Date "2018.12.28"]
[Round "3"]
[White "Meyling, Lennart"]
[Black "Gluma, Christian"]
[Result "1-0"]
[Termination "normal"]
[Board "1.4"]
[WhiteElo "1992"]
[BlackElo "1711"]
[WhiteClock "01:08:19"]
[BlackClock "00:34:35"]
[WhiteTeam "Hamburger SK"]
[BlackTeam "SG Bochum"]
[PlyCount "61"]
[WhiteFideId "12947130"]
[BlackFideId "16223209"]
[EventCountry "GER"]
[EventRounds "7"]
[EventType "team-swiss"]
[EventDate "2018.12.26"]

1. d4 {[%clk 01:30:59]} d5 {[%clk 01:30:51]} {[%emt 00:00:10]} 2. c4 {[%clk
01:31:21]} {[%emt 00:00:07]} e6 {[%clk 01:31:14]} {[%emt 00:00:07]} 3. Nc3
{[%clk 01:31:45]} {[%emt 00:00:06]} Nf6 {[%clk 01:31:39]} {[%emt 00:00:06]} 4.
Bg5 {[%clk 01:31:57]} {[%emt 00:00:18]} Be7 {[%clk 01:31:59]} {[%emt 00:00:10]}
5. cxd5 {[%clk 01:32:12]} {[%emt 00:00:15]} exd5 {[%clk 01:30:51]} {[%emt
00:01:38]} 6. Nf3 {[%clk 01:32:26]} {[%emt 00:00:15]} c6 {[%clk 01:30:15]}
{[%emt 00:01:06]} 7. e3 {[%clk 01:32:42]} {[%emt 00:00:14]} h6 {[%clk
01:27:28]} {[%emt 00:03:17]} 8. Bh4 {[%clk 01:32:44]} {[%emt 00:00:28]} Nh5
{[%clk 01:27:15]} {[%emt 00:00:43]} 9. Bg3 {[%clk 01:26:40]} {[%emt 00:06:34]}
Nxg3 {[%clk 01:24:02]} {[%emt 00:03:43]} 10. hxg3 {[%clk 01:27:00]} {[%emt
00:00:10]} Qb6 {[%clk 01:20:48]} {[%emt 00:03:44]} 11. Rb1 {[%clk 01:18:00]}
{[%emt 00:09:30]} Na6 {[%clk 01:13:19]} {[%emt 00:08:00]} 12. a3 {[%clk
01:17:44]} {[%emt 00:00:45]} Nc7 {[%clk 01:07:44]} {[%emt 00:06:05]} 13. Na4
{[%clk 01:17:42]} {[%emt 00:00:31]} Bb4+ {[%clk 01:02:45]} {[%emt 00:05:30]}
14. axb4 {[%clk 01:16:22]} {[%emt 00:01:50]} Qxb4+ {[%clk 01:03:08]} {[%emt
00:00:07]} 15. Nc3 {[%clk 01:16:44]} {[%emt 00:00:08]} Bg4 {[%clk 00:57:20]}
{[%emt 00:06:18]} 16. Bd3 {[%clk 01:14:48]} {[%emt 00:02:26]} Ne6 {[%clk
00:55:19]} {[%emt 00:02:32]} 17. Qc2 {[%clk 01:14:30]} {[%emt 00:00:47]} h5
{[%clk 00:51:23]} {[%emt 00:04:26]} 18. Ne5 {[%clk 01:13:47]} {[%emt 00:01:12]}
O-O-O {[%clk 00:44:51]} {[%emt 00:07:03]} 19. Qa4 {[%clk 01:12:57]} {[%emt
00:01:21]} Qb6 {[%clk 00:43:58]} {[%emt 00:01:22]} 20. Nxf7 {[%clk 01:09:43]}
{[%emt 00:03:44]} Rhe8 {[%clk 00:40:06]} {[%emt 00:04:22]} 21. Nxd8 {[%clk
01:09:53]} {[%emt 00:00:19]} Kxd8 {[%clk 00:36:58]} {[%emt 00:03:38]} 22. b4
{[%clk 01:08:57]} {[%emt 00:01:27]} Nxd4 {[%clk 00:34:18]} {[%emt 00:03:10]}
23. Qa5 {[%clk 01:07:06]} {[%emt 00:02:21]} Nf5 {[%clk 00:32:43]} {[%emt
00:02:05]} 24. Qxb6+ {[%clk 01:07:08]} {[%emt 00:00:28]} axb6 {[%clk 00:33:09]}
{[%emt 00:00:04]} 25. Ra1 {[%clk 01:06:54]} {[%emt 00:00:44]} Kc7 {[%clk
00:33:18]} {[%emt 00:00:22]} 26. Bxf5 {[%clk 01:07:15]} {[%emt 00:00:08]} Bxf5
{[%clk 00:33:36]} {[%emt 00:00:12]} 27. Rxh5 {[%clk 01:07:38]} {[%emt
00:00:07]} g6 {[%clk 00:33:46]} {[%emt 00:00:20]} 28. Rh7+ {[%clk 01:08:00]}
{[%emt 00:00:07]} Kb8 {[%clk 00:34:13]} {[%emt 00:00:03]} 29. b5 {[%clk
01:08:07]} {[%emt 00:00:23]} d4 {[%clk 00:34:29]} {[%emt 00:00:15]} 30. bxc6
{[%clk 01:08:14]} {[%emt 00:00:23]} bxc6 {[%clk 00:34:35]} {[%emt 00:00:24]}
31. Na4 {[%clk 01:08:19]} {[%emt 00:00:25]} 1-0